LEADER 00899nam0-22003011i-450- 001 990001507660403321 005 20060614122707.0 010 $a0-936157-18-7 035 $a000150766 035 $aFED01000150766 035 $a(Aleph)000150766FED01 035 $a000150766 100 $a20030710d--------km-y0itay50------ba 101 0 $aita 200 1 $aHuman Performance Physiology and Environment Medicine at Terrestrial Extremes$fPandolf , Sawka , Gonzales 210 $aIndianapolis$cBenchmark$d1988 610 0 $aBenessere 610 0 $aAmbienti severi 610 0 $aFisiologia 676 $a612 700 1$aPandolf,$bK. B.$0352657 801 0$aIT$bUNINA$gRICA$2UNIMARC 901 $aBK 912 $a990001507660403321 952 $a00 E10$b967$fDETEC 959 $aDETEC 996 $aHuman Performance Physiology and Environment Medicine at Terrestrial Extremes$9376729 997 $aUNINA LEADER 02883nam 2200409 450 001 9910796611203321 005 20180622102400.0 010 $a1-78660-305-5 035 $a(CKB)4100000001502283 035 $a(MiAaPQ)EBC5205937 035 $a(EXLCZ)994100000001502283 100 $a20180129h20182018 uy 0 101 0 $aeng 135 $aurcnu|||||||| 181 $2rdacontent 182 $2rdamedia 183 $2rdacarrier 200 00$aPostcolonial Europe $ecomparative reflections after the empires /$fedited by Lars Jensen (and three others) 210 1$aLondon, [England] ;$aNew York, New York :$cRowman & Littlefield International,$d2018. 210 4$d©2018 215 $a1 online resource (261 pages) 311 $a1-78660-304-7 311 $a1-78660-306-3 320 $aIncludes bibliographical references and index. 327 $aUneven whiteness: images of blackness and whiteness in contemporary (postcolonial) Italy (2010-2012) / Gaia Giuliani -- Challenging the domestic colonial archive: notes on the racialization of the Italian Mezzogiorno / Carmine Conelli -- "El moro": discovering the hidden coloniality of the contemporary Spanish/Catalan society and its colonial subjects / Martin Lundsteen -- The coloniality of power and the disempowerment of the Roma / Sabrina Marks and Miye Nadya Tom -- Claiming greyness: Dutch coloniality against polarisation / Patricia Schor and Egbert Alejandro Martina -- How to draw a haunted nation: colonial ghosts and specters in Conceic?a?o Lima's poems / Ine?s Nascimento Rodrigues -- Who speaks the postcolonial community? reflections on language, community, and imperial nostalgia within the European continent / Elena Brugioni -- "Translation as a place of loss": a study of the translations of Fanon's Peau Noire, Masques Blancs (1952) and their role in Anglophone postcolonial studies / Sarah Scales -- Between imperial anxieties and post-colonial discourses / Alice Brown -- Possible Greenland/impossible Denmark? Rigsfællesskabet and the postcolony / Lars Jensen -- From Mobutu to Molenbeek: Belgium and postcolonialism / Sarah Arens -- Comparative posts going political: the postcolonial backlash in Poland / Dorota Kolodziejczyk -- Between East and West: queerness in Zhang Yuan's East palace, West palace / Zoran Pecic. 330 $a"Postcolonial Europe: Comparative Reflections after the Empires brings together scholars from across disciplines to rethink European colonialism in the light of its vanishing empires and the rise of new global power structures"--$cProvided by publisher. 606 $aPostcolonialism$zEurope 615 0$aPostcolonialism 676 $a325.3094 702 $aJensen$b Lars 801 0$bMiAaPQ 801 1$bMiAaPQ 801 2$bMiAaPQ 906 $aBOOK 912 $a9910796611203321 996 $aPostcolonial Europe$93868104 997 $aUNINA